| 000 | 00364nam a2200133 i 4500 | ||
|---|---|---|---|
| 001 | bg | ||
| 100 | 1 |
_aJĘDRZEJOWSKI, Jacek _d(1926-2005). |
|
| 245 | 0 |
_aPodstawowe procesy przemysłowe : _bprzemysł energetyczny / _cJacek Jędrzejowski. |
|
| 260 |
_aWarszawa, _c1977. |
||
| 040 | _cBPK | ||
| 041 | _apol | ||
| 942 | _cKS | ||
| 008 | s pl f |000 0 pol | ||
| 999 |
_c19832 _d19832 |
||
| 856 |
_uhttp://koha.tu.koszalin.pl/cgi-bin/koha/opac-detail.pl?biblionumber=19832 _yKatalog online BPK |
||